Catálogo
 En Linea

Zur Architektur der sogenannten Mitte : (Registro nro. 1246)

Detalles MARC
000 -CABECERA
campo de control de longitud fija 01119cam a2200241 a 4500
001 - NÚMERO DE CONTROL
campo de control 000001309
005 - FECHA Y HORA DE LA ÚLTIMA TRANSACCIÓN
campo de control 20200929145534.0
008 - DATOS DE LONGITUD FIJA--INFORMACIÓN GENERAL
campo de control de longitud fija 030115s1999 sz a b 001 0 ger d
020 ## - NÚMERO INTERNACIONAL ESTÁNDAR DEL LIBRO
Número Internacional Estándar del Libro 3908541107
040 ## - FUENTE DE LA CATALOGACIÓN
Centro catalogador/agencia de origen DO-SdBNP
Lengua de catalogación spa
Centro/agencia transcriptor BNPHU
100 1# - ENTRADA PRINCIPAL--NOMBRE DE PERSONA
Nombre de persona Gerster, Lorenzo.
9 (RLIN) 4425
245 10 - MENCIÓN DE TÍTULO
Título Zur Architektur der sogenannten Mitte :
Resto del título Bauen im Zwiespalt mit der Tradition und im Zwiespalt mit der Moderne vor allem aber nich im Zwiespalt mit der Politik /
Mención de responsabilidad, etc. Lorenzo Gerster.
260 ## - PUBLICACIÓN, DISTRIBUCIÓN, ETC.
Lugar de publicación, distribución, etc. Zurich :
Nombre del editor, distribuidor, etc. Tontafelverlag,
Fecha de publicación, distribución, etc. 1999.
300 ## - DESCRIPCIÓN FÍSICA
Extensión 2 v. (ix, 724 p.) :
Otras características físicas ill. ;
Dimensiones 35 cm.
546 ## - NOTA DE LENGUA/LENGUAJE
Nota de lengua/lenguaje Summary also in French, Italian, Raeto-Romance, English, Spanish, Russian, Arabic, Japanese, Chinese, and Greek.
500 ## - NOTA GENERAL
Nota general Vol. 2: chiefly ill.
504 ## - NOTA DE BIBLIOGRAFÍA, ETC.
Nota de bibliografía, etc. Includes bibliographical references (v. 2, p. 701-724) and indexes.
650 #0 - PUNTO DE ACCESO ADICIONAL DE MATERIA--TÉRMINO DE MATERIA
Término de materia o nombre geográfico como elemento de entrada Architecture
Subdivisión geográfica Switzerland
Subdivisión general History
Subdivisión cronológica 20th century.
9 (RLIN) 4426
600 10 - PUNTO DE ACCESO ADICIONAL DE MATERIA--NOMBRE DE PERSONA
Nombre de persona Gerster, Alban,
Fechas asociadas al nombre 1898-1986.
9 (RLIN) 4427
650 #0 - PUNTO DE ACCESO ADICIONAL DE MATERIA--TÉRMINO DE MATERIA
Término de materia o nombre geográfico como elemento de entrada Architecture
Subdivisión geográfica Switzerland
Subdivisión general History
Subdivisión cronológica 20th century
Subdivisión de forma Designs and plans.
9 (RLIN) 4428
650 #0 - PUNTO DE ACCESO ADICIONAL DE MATERIA--TÉRMINO DE MATERIA
Término de materia o nombre geográfico como elemento de entrada Architecture and society.
9 (RLIN) 4429
700 1# - PUNTO DE ACCESO ADICIONAL--NOMBRE DE PERSONA
Nombre de persona Gerster, Alban,
Fechas asociadas al nombre 1898-1986.
9 (RLIN) 4427
Existencias
Estado de retiro Estado de pérdida Restricciones de uso No para préstamo Código de colección Localización permanente Ubicación/localización actual Ubicación en estantería Fecha de adquisición Número de inventario Total de préstamos Signatura topográfica completa Código de barras Fecha visto por última vez Precio válido a partir de Tipo de ítem Koha
    Préstamo interno   Monografías: Libros y Folletos General General Depósito 04.09.2009 LF1   1309-10 25.06.2020 25.06.2020 Préstamo interno

Con tecnología Koha